000 00335nam a22001457a 4500
020 _a81-8189-014-0
041 _aENG
100 _aPandey.M
245 _aRural and Agriculture Markting
250 _a1st Edition
260 _aLucknow
_bInternational Book Distributing
_c2004
300 _a480
650 _aGAE
856 _uM.Tech ( 7 )
999 _c1041
_d1041